[Event "11th Africa-ch (w)"]
[Site "Oran ALG"]
[Date "2017.07.02"]
[Round "1"]
[White "February, Jesse Nikki"]
[Black "Khaled, Mouna"]
[Result "1-0"]
[WhiteElo "1823"]
[BlackElo "2189"]
[EventDate "2017.07.02"]
[PlyCount "79"]

1.e4 e5 2.Nf3 Nc6 3.Bc4 Bc5 4.c3 Nf6 5.d3 d6 6.O-O Bb6 7.Nbd2 Bg4 8.Re1 
Qd7 9.h3 Be6 10.Bxe6 fxe6 11.Nc4 O-O 12.a4 d5 13.exd5 exd5 14.Nxb6 axb6 
15.Nxe5 Nxe5 16.Rxe5 d4 17.c4 Qd6 18.Qe1 Nd7 19.Re6 Qc5 20.b4 Qf5 21.Qe2 
Rf6 22.Re7 Rf7 23.Rxf7 Qxf7 24.Qg4 c5 25.bxc5 bxc5 26.Qf4 Qh5 27.Bd2 Qe2 
28.Re1 Qxd3 29.Re7 Nf6 30.Qg5 Qg6 31.Qxc5 d3 32.Rxb7 Rf8 33.a5 h6 34.Bb4 
Re8 35.a6 Ne4 36.Qd5+ Kh7 37.a7 Qf6 38.Rf7 Qa1+ 39.Kh2 Nxf2 40.Qf5+ 1-0

[Event "11th Africa-ch (w)"]
[Site "Oran ALG"]
[Date "2017.07.02"]
[Round "1"]
[White "Shroohk, Wafa"]
[Black "Nassr, Rania"]
[Result "1/2-1/2"]
[WhiteElo "2165"]
[BlackElo "1783"]
[EventDate "2017.07.02"]
[PlyCount "100"]

1.e4 c5 2.Nf3 e6 3.d4 cxd4 4.Nxd4 Nf6 5.Bd3 Nc6 6.Nxc6 bxc6 7.O-O d5 8.Nd2
Be7 9.Qe2 O-O 10.c4 Qc7 11.f4 Rb8 12.e5 Nd7 13.b3 Nc5 14.Bc2 a5 15.Bb2 g6 
16.Kh1 a4 17.Bd4 Na6 18.bxa4 c5 19.Bf2 Nb4 20.Bb3 d4 21.Ne4 Kg7 22.Bg3 Qc6
23.Nf6 Bb7 24.Bh4 Bd8 25.Qg4 Rh8 26.Rf2 Kf8 27.a3 Na6 28.Bc2 Nc7 29.Rb1 
Ne8 30.Ne4 h5 31.Qg3 Bxh4 32.Qxh4 Qc7 33.Qg3 Bxe4 34.Bxe4 Rxb1+ 35.Bxb1 
Qa5 36.Rb2 Qxa4 37.Qb3 Qa5 38.h3 Qe1+ 39.Kh2 Qc1 40.g3 h4 41.Rc2 hxg3+ 42.
Kxg3 Qe1+ 43.Kh2 Qf1 44.Rb2 Qxf4+ 45.Qg3 Qc1 46.Rb7 Qd2+ 47.Kg1 Qc1+ 48.
Kg2 Qd2+ 49.Kg1 Qc1+ 50.Kf2 Qd2+ 1/2-1/2

[Event "11th Africa-ch (w)"]
[Site "Oran ALG"]
[Date "2017.07.02"]
[Round "1"]
[White "Nassr, Lina"]
[Black "Shahenda, Wafa"]
[Result "0-1"]
[WhiteElo "1751"]
[BlackElo "2112"]
[EventDate "2017.07.02"]
[PlyCount "166"]

1.d4 Nf6 2.Nf3 g6 3.e3 Bg7 4.b3 c5 5.Bb2 d5 6.Bd3 Nc6 7.Nbd2 cxd4 8.Nxd4 
O-O 9.Nxc6 bxc6 10.O-O Qc7 11.Nf3 Bg4 12.Be5 Qd7 13.c4 Rfd8 14.Qe2 Qe6 15.
Bd4 Qd6 16.cxd5 cxd5 17.Qb2 Bxf3 18.gxf3 Nh5 19.Bxg7 Nxg7 20.Rfd1 Qe6 21.
Bf1 Qf5 22.Bg2 Ne6 23.f4 Rac8 24.Rd2 d4 25.Rad1 Qg4 26.h3 Qh5 27.Qb1 Qc5 
28.Qe4 Qc7 29.Qf3 Qa5 30.exd4 Rc1 31.Qe3 Rxd1+ 32.Rxd1 Qxa2 33.d5 Rd7 34.
Kh2 Nf8 35.Rd2 Qa3 36.Rd3 Qd6 37.Qe5 Qb6 38.Qe3 Qd8 39.Rc3 e6 40.dxe6 Nxe6
41.Rc4 Qb8 42.Qc3 Rd8 43.Qb4 a5 44.Qxb8 Rxb8 45.Ra4 Rb5 46.Bf1 Rxb3 47.f5 
Ng5 48.fxg6 hxg6 49.Rxa5 Nf3+ 50.Kg2 Nh4+ 51.Kh2 Rb2 52.Kg3 Nf5+ 53.Kg2 
Ne3+ 54.Kg1 Nd1 55.f3 Ne3 56.Ra1 Kg7 57.Re1 Nf5 58.Re2 Rb1 59.Kf2 Nd4 60.
Ra2 Nxf3 61.Kxf3 Rxf1+ 62.Kg3 Kh6 63.Ra7 Kg5 64.Ra5+ f5 65.Ra4 Rd1 66.h4+ 
Kh5 67.Ra7 Rd3+ 68.Kf4 Rd4+ 69.Kg3 Rg4+ 70.Kf3 Rxh4 71.Rg7 Ra4 72.Kg3 Kg5 
73.Kf3 Ra3+ 74.Kg2 f4 75.Kf2 Kf5 76.Rf7+ Kg4 77.Rg7 g5 78.Kg2 Ra2+ 79.Kg1 
f3 80.Kf1 Kf4 81.Rb7 g4 82.Rb4+ Kg3 83.Rb1 Rh2 0-1

[Event "11th Africa-ch (w)"]
[Site "Oran ALG"]
[Date "2017.07.02"]
[Round "1"]
[White "Mezioud, Amina"]
[Black "Hamlaoui, Asma"]
[Result "1-0"]
[WhiteElo "2065"]
[BlackElo "1734"]
[EventDate "2017.07.02"]
[PlyCount "79"]

1.c4 e5 2.g3 Nc6 3.Bg2 f5 4.Nc3 Nf6 5.d3 Bb4 6.Bd2 d6 7.a3 Bxc3 8.Bxc3 O-O
9.b4 Qe8 10.b5 Ne7 11.Nf3 Qh5 12.Qd2 h6 13.c5 Ned5 14.cxd6 cxd6 15.Bb4 Rd8
16.O-O f4 17.Nh4 Nxb4 18.Qxb4 Qxe2 19.Qb3+ Kh7 20.Bf3 Qd2 21.Rfd1 Qa5 22.
gxf4 exf4 23.Qc4 d5 24.Qxf4 Qxb5 25.Rac1 Qd7 26.Qg3 Qd6 27.Qg6+ Kg8 28.Kh1
Ng4 29.Qxd6 Rxd6 30.Rxc8+ Rxc8 31.Bxg4 Rc3 32.Nf5 Rd8 33.a4 Ra3 34.Re1 
Rxa4 35.d4 Rf8 36.Ne7+ Kf7 37.Bh5+ Kf6 38.Nxd5+ Kg5 39.Re5+ Kh4 40.Bd1 1-0

[Event "11th Africa-ch (w)"]
[Site "Oran ALG"]
[Date "2017.07.02"]
[Round "1"]
[White "Lalaoui, Feriel"]
[Black "Latreche, Sabrina"]
[Result "1-0"]
[WhiteElo "1719"]
[BlackElo "2056"]
[EventDate "2017.07.02"]
[PlyCount "75"]

1.e4 g6 2.d4 Bg7 3.Nf3 d6 4.Bc4 Nf6 5.Nc3 c6 6.a4 a5 7.O-O O-O 8.h3 Na6 9.
e5 Ne8 10.Bf4 Nb4 11.Bb3 d5 12.Re1 h6 13.Qd2 Kh7 14.Ne2 Nc7 15.c3 Nba6 16.
Ng3 Ne6 17.Be3 f5 18.Bc2 Rf7 19.Nh4 Nf8 20.f4 e6 21.Nf3 Nd7 22.h4 Bf8 23.
h5 gxh5 24.Nxh5 Be7 25.Kf2 Nb6 26.b3 Kh8 27.Rh1 Rh7 28.Rh3 Bd7 29.Rah1 Kg8
30.Nh4 Be8 31.Nxf5 exf5 32.Bxf5 Rh8 33.Be6+ Kf8 34.Qd3 Bf7 35.Bxf7 Kxf7 
36.Qf5+ Bf6 37.e6+ Kf8 38.Nxf6 1-0

[Event "11th Africa-ch (w)"]
[Site "Oran ALG"]
[Date "2017.07.02"]
[Round "1"]
[White "Hamza, Amira"]
[Black "Marzouk, Amira"]
[Result "1-0"]
[WhiteElo "1912"]
[BlackElo "1702"]
[EventDate "2017.07.02"]
[PlyCount "39"]

1.d4 Nf6 2.Nf3 e6 3.Bf4 d5 4.e3 c5 5.c3 Bd6 6.Bg3 O-O 7.Nbd2 b6 8.Bd3 Bb7 
9.Qe2 Nc6 10.Rd1 Re8 11.Ne5 c4 12.Bb1 Ne7 13.e4 Bc7 14.O-O b5 15.Bh4 Nxe4 
16.Bxe7 Qxe7 17.Nxe4 dxe4 18.Bxe4 Bxe4 19.Qxe4 Bxe5 20.Qxe5 1-0

[Event "11th Africa-ch (w)"]
[Site "Oran ALG"]
[Date "2017.07.02"]
[Round "1"]
[White "Chihi, Malak"]
[Black "Toubal, Hayet"]
[Result "0-1"]
[WhiteElo "1623"]
[BlackElo "1909"]
[EventDate "2017.07.02"]
[PlyCount "96"]

1.e4 c6 2.d4 d5 3.e5 Bf5 4.Nf3 e6 5.c3 Nd7 6.Bd3 Ne7 7.O-O Qc7 8.Be3 Bxd3 
9.Qxd3 c5 10.Na3 a6 11.Nc2 Nc6 12.h3 Be7 13.Qd2 Rc8 14.Nfe1 O-O 15.Qe2 Kh8
16.f4 f5 17.Nf3 Qb6 18.Rab1 Qa5 19.a3 Qc7 20.Ng5 Bxg5 21.fxg5 cxd4 22.Nxd4
Qxe5 23.Qd2 Qd6 24.Nxc6 Rxc6 25.Rbd1 Qe7 26.Qe2 Re8 27.g4 fxg4 28.Qxg4 Rc4
29.Qg3 Re4 30.Bd4 Nf8 31.Rde1 Rxe1 32.Rxe1 Ng6 33.Be5 Kg8 34.Rf1 Rf8 35.
Rxf8+ Qxf8 36.Qe3 Qf5 37.Bg3 e5 38.Qb6 Qd7 39.Kh2 Kf7 40.Qf2+ Kg8 41.Qb6 
Qe7 42.Kg2 e4 43.Bd6 Qxg5+ 44.Bg3 Nh4+ 45.Kh2 Nf3+ 46.Kg2 h5 47.h4 Nxh4+ 
48.Kf2 Qd2+ 0-1

[Event "11th Africa-ch (w)"]
[Site "Oran ALG"]
[Date "2017.07.02"]
[Round "1"]
[White "Caxita, Esperanca"]
[Black "Ghanem, Yasmine"]
[Result "1-0"]
[WhiteElo "1876"]
[BlackElo "1570"]
[EventDate "2017.07.02"]
[PlyCount "63"]

1.e4 e5 2.Nf3 Nc6 3.Bc4 Bc5 4.c3 Nf6 5.d3 a6 6.O-O Ba7 7.Re1 O-O 8.d4 d6 
9.Bg5 exd4 10.cxd4 Bg4 11.d5 Ne5 12.Be2 Bxf2+ 13.Kxf2 Nxe4+ 14.Kg1 Nxg5 
15.Nxe5 Bxe2 16.Rxe2 dxe5 17.h4 Ne6 18.Rxe5 Qd6 19.Qe1 Nc5 20.Qe3 Nd7 21.
Re7 Qxd5 22.Nc3 Qc6 23.Kh1 Nc5 24.Qg3 Ne6 25.Rd1 Rad8 26.h5 h6 27.Re1 Qc5 
28.R1xe6 Qxh5+ 29.Kg1 Qc5+ 30.Qe3 Qf5 31.Re5 Qf6 32.Rxc7 1-0

[Event "11th Africa-ch (w)"]
[Site "Oran ALG"]
[Date "2017.07.03"]
[Round "2"]
[White "Shahenda, Wafa"]
[Black "Caxita, Esperanca"]
[Result "1-0"]
[WhiteElo "2112"]
[BlackElo "1876"]
[EventDate "2017.07.02"]
[PlyCount "51"]

1.e4 g6 2.d4 Bg7 3.Nc3 c6 4.Nf3 d5 5.e5 f6 6.exf6 Nxf6 7.Bd3 Bg4 8.h3 Bxf3
9.Qxf3 Nbd7 10.Bf4 Qb6 11.O-O-O O-O-O 12.Rhe1 Rde8 13.g4 Rhf8 14.Re6 Qa5 
15.Qe3 Ng8 16.Bf1 Ndf6 17.Qe5 Kd7 18.Rd6+ exd6 19.Qxd6+ Kc8 20.Qb8+ Kd7 
21.Qxb7+ Ke6 22.Re1+ Ne4 23.Rxe4+ dxe4 24.Bc4+ Kf6 25.Qxc6+ Ke7 26.Qd6# 
1-0

[Event "11th Africa-ch (w)"]
[Site "Oran ALG"]
[Date "2017.07.03"]
[Round "2"]
[White "February, Jesse Nikki"]
[Black "Mezioud, Amina"]
[Result "1-0"]
[WhiteElo "1823"]
[BlackElo "2065"]
[EventDate "2017.07.02"]
[PlyCount "107"]

1.e4 c5 2.Nf3 e6 3.d4 cxd4 4.Nxd4 a6 5.Bd3 Nf6 6.O-O Qc7 7.Qe2 d6 8.c4 
Nbd7 9.b3 b6 10.Bd2 Bb7 11.Nc3 Be7 12.Rac1 O-O 13.f4 Rfe8 14.Kh1 Rad8 15.
Bb1 Qb8 16.Rce1 e5 17.Nf5 Bf8 18.Nd5 exf4 19.Qf2 g6 20.Nxf6+ Nxf6 21.Bc3 
Nh5 22.g4 Qc8 23.Qg2 d5 24.exd5 Bxd5 25.cxd5 Qxc3 26.Rxe8 Rxe8 27.gxh5 f3 
28.Qg3 Qd2 29.Qxf3 Re2 30.Ne3 f5 31.Ng2 Bd6 32.hxg6 hxg6 33.Bd3 Re7 34.Rd1
Qxa2 35.Be2 Rxe2 36.Rc1 Qd2 37.Rf1 Qb2 38.Qh3 Re4 39.Qh6 Qf6 40.Rc1 Re8 
41.Nh4 Qf7 42.Qd2 Qf6 43.Nxg6 Kh7 44.Rg1 Bc5 45.Rg3 Qa1+ 46.Kg2 Qg1+ 47.
Kh3 Qf1+ 48.Kh4 Re4+ 49.Kh5 f4 50.d6 Bxd6 51.Qxd6 Qb5+ 52.Rg5 Qe2+ 53.Rg4 
Qxh2+ 54.Nh4 1-0

[Event "11th Africa-ch (w)"]
[Site "Oran ALG"]
[Date "2017.07.03"]
[Round "2"]
[White "Ibbou, Schahinez"]
[Black "Hamza, Amira"]
[Result "0-1"]
[WhiteElo "1445"]
[BlackElo "1912"]
[EventDate "2017.07.02"]
[PlyCount "86"]

1.e4 e6 2.d4 d5 3.exd5 exd5 4.Bd3 Nc6 5.Nf3 Bd6 6.Nc3 Nge7 7.O-O Bg4 8.Be3
Qd7 9.Nb5 O-O-O 10.Nxd6+ Qxd6 11.Be2 f6 12.Nd2 Bxe2 13.Qxe2 h5 14.Nb3 Nf5 
15.c3 g5 16.Nc5 Rde8 17.a4 g4 18.Qb5 Nd8 19.Ra3 c6 20.Qb4 Qc7 21.a5 g3 22.
h3 gxf2+ 23.Bxf2 Rhg8 24.c4 Qg7 25.g3 Ne3 26.cxd5 Nxd5 27.Qd2 f5 28.Kh2 
Nf7 29.Rg1 Nd6 30.Qd3 Ne4 31.Nxe4 fxe4 32.Qd1 Qg5 33.Qe2 e3 34.Be1 h4 35.
Qg4+ Qxg4 36.hxg4 hxg3+ 37.Kxg3 Re4 38.Kf3 Rxd4 39.Bc3 Rf4+ 40.Ke2 Rfxg4 
41.Rxg4 Rxg4 42.Be1 Rg2+ 43.Kd3 Rxb2 0-1

[Event "11th Africa-ch (w)"]
[Site "Oran ALG"]
[Date "2017.07.03"]
[Round "2"]
[White "Toubal, Hayet"]
[Black "Lalaoui, Feriel"]
[Result "1/2-1/2"]
[WhiteElo "1909"]
[BlackElo "1719"]
[EventDate "2017.07.02"]
[PlyCount "86"]

1.d4 Nf6 2.Nf3 e6 3.Bg5 h6 4.Bh4 Be7 5.Nbd2 b6 6.e4 Bb7 7.Bd3 d5 8.Bxf6 
Bxf6 9.e5 Be7 10.Qe2 c5 11.c3 Nc6 12.a3 O-O 13.h4 cxd4 14.cxd4 Qd7 15.g4 
g6 16.Nf1 Kg7 17.Ng3 Rac8 18.Qe3 Na5 19.Rb1 Nc4 20.Qe2 Rc7 21.Kf1 Rfc8 22.
Ne1 f6 23.f4 fxe5 24.fxe5 Rf8+ 25.Kg2 Rf4 26.Nc2 Qc8 27.h5 g5 28.Rhf1 Qf8 
29.Ne3 Nxe3+ 30.Qxe3 Bd8 31.Bg6 Ba6 32.Rf2 Bb5 33.Rd1 Rxf2+ 34.Qxf2 Qxf2+ 
35.Kxf2 Kf8 36.Ne2 Be8 37.Bd3 Ba4 38.Rf1 Rf7+ 39.Kg2 Rxf1 40.Kxf1 Ke7 41.
Nc3 Bb3 42.Kf2 Bc7 43.Ke1 Bb8 1/2-1/2

[Event "11th Africa-ch (w)"]
[Site "Oran ALG"]
[Date "2017.07.03"]
[Round "2"]
[White "Khaled, Mouna"]
[Black "Shroohk, Wafa"]
[Result "1-0"]
[WhiteElo "2189"]
[BlackElo "2165"]
[EventDate "2017.07.02"]
[PlyCount "81"]

1.d4 Nf6 2.Nf3 g6 3.c4 Bg7 4.Nc3 d6 5.Bf4 O-O 6.e3 Nbd7 7.Be2 c5 8.d5 a6 
9.h3 Rb8 10.O-O Re8 11.Bh2 b6 12.a4 Bb7 13.Qc2 Qc7 14.Rad1 Rbd8 15.Rfe1 
Nf8 16.e4 e5 17.dxe6 Nxe6 18.Nd5 Nxd5 19.cxd5 Nf8 20.Nd2 Nd7 21.b4 Nf6 22.
b5 a5 23.f4 Qe7 24.Bg3 Nxe4 25.Bf3 Bd4+ 26.Kh2 f5 27.Bxe4 fxe4 28.Nxe4 Qf7
29.f5 Qxf5 30.Rxd4 cxd4 31.Qc7 Qf7 32.Qxb6 Bxd5 33.Nxd6 Qf6 34.Rxe8+ Rxe8 
35.Qc5 Bf7 36.Nxe8 Bxe8 37.Be5 Qe6 38.Bxd4 Bd7 39.Qc7 Qf5 40.b6 Bc8 41.
Qg7# 1-0

[Event "11th Africa-ch (w)"]
[Site "Oran ALG"]
[Date "2017.07.03"]
[Round "2"]
[White "Nassr, Rania"]
[Black "Latreche, Sabrina"]
[Result "1/2-1/2"]
[WhiteElo "1783"]
[BlackElo "2056"]
[EventDate "2017.07.02"]
[PlyCount "133"]

1.d4 d5 2.Nf3 Nc6 3.c4 e6 4.Nc3 dxc4 5.e3 a6 6.a4 Nf6 7.Bxc4 Na5 8.Ba2 c5 
9.O-O cxd4 10.exd4 Be7 11.Bf4 O-O 12.Rc1 Qb6 13.Qe2 Nc6 14.d5 exd5 15.Nxd5
Nxd5 16.Bxd5 Bf6 17.Qc4 Qb4 18.Bxc6 Qxc4 19.Rxc4 bxc6 20.Be5 Be6 21.Rxc6 
Bxe5 22.Nxe5 Rfb8 23.Nd3 Bf5 24.Nc5 Rxb2 25.Rxa6 Rc8 26.Ra5 Rc2 27.Nb3 Bd3
28.Re1 h6 29.h3 R2c3 30.Nd4 Ra3 31.Nf3 Ra2 32.Ne5 Bc2 33.Rc1 Re8 34.Nc6 
Bxa4 35.Nb4 Ra3 36.Nd5 Ra2 37.Nc3 Rc2 38.Rxc2 Bxc2 39.Ra2 Bb3 40.Rb2 Be6 
41.Kh2 Rc8 42.Nd1 Rc1 43.Ne3 Kh7 44.Rd2 Rb1 45.Rc2 h5 46.Rc5 g6 47.Rc2 Kg7
48.Rd2 Rb5 49.Rc2 Kf6 50.Kg3 g5 51.h4 g4 52.Re2 Rb3 53.Kf4 Rb4+ 54.Kg3 Kg6
55.f3 gxf3 56.gxf3 Rb1 57.Ng2 Rb5 58.Nf4+ Kf6 59.Ng2 Rb3 60.Kf2 Rb4 61.Re1
Bh3 62.Ne3 Rb2+ 63.Kg3 Be6 64.Ng2 Rb3 65.Kf2 Bd5 66.Re3 Rb4 67.Kg3 1/2-1/2

[Event "11th Africa-ch (w)"]
[Site "Oran ALG"]
[Date "2017.07.03"]
[Round "2"]
[White "Marzouk, Amira"]
[Black "Nassr, Lina"]
[Result "1-0"]
[WhiteElo "1702"]
[BlackElo "1751"]
[EventDate "2017.07.02"]
[PlyCount "117"]

1.d4 d5 2.Bf4 Nf6 3.e3 c5 4.c3 e6 5.Nd2 Nc6 6.Ngf3 Bd6 7.Bg3 O-O 8.Bd3 b6 
9.Ne5 Ne7 10.h3 Bb7 11.O-O Nf5 12.Bh2 Qc7 13.Qe2 Ne7 14.Rac1 Nc6 15.f4 Qe7
16.Bg3 Nd7 17.Qh5 f5 18.Bh4 Nf6 19.Qe2 Qe8 20.Bb5 a6 21.Bd3 Ne4 22.Ndf3 
Be7 23.Bxe7 Qxe7 24.Nxc6 Bxc6 25.Bxe4 dxe4 26.Ne5 Rfc8 27.Rfd1 b5 28.b3 
cxd4 29.Rxd4 Be8 30.Qd2 Ra7 31.Rd6 a5 32.c4 bxc4 33.Rxc4 Rxc4 34.bxc4 Ra8 
35.c5 Qc7 36.Qc3 Rb8 37.Rxe6 Rb1+ 38.Kh2 Rb8 39.Rd6 Rc8 40.Rd5 h6 41.Qd4 
Kh7 42.g4 Rb8 43.gxf5 Rb4 44.Qc3 Qb8 45.Rd2 Qb5 46.c6 Rb1 47.Rf2 Rf1 48.
Rxf1 Qxf1 49.Qd2 Bh5 50.Qg2 Qb1 51.c7 Qc1 52.Qxe4 Qxc7 53.f6+ Kg8 54.Qd5+ 
Kh7 55.Qd3+ Kg8 56.Qb3+ Kh7 57.f7 Qd6 58.Qc2+ g6 59.Nd7 1-0

[Event "11th Africa-ch (w)"]
[Site "Oran ALG"]
[Date "2017.07.03"]
[Round "2"]
[White "Hamlaoui, Asma"]
[Black "Chihi, Malak"]
[Result "1-0"]
[WhiteElo "1734"]
[BlackElo "1623"]
[EventDate "2017.07.02"]
[PlyCount "45"]

1.e4 e5 2.Nf3 Nc6 3.Bb5 a6 4.Ba4 g6 5.O-O Bg7 6.c3 Nge7 7.d4 exd4 8.cxd4 
b5 9.Bc2 d6 10.h3 O-O 11.Nc3 f5 12.Bb3+ Kh8 13.exf5 Bxf5 14.Re1 Na5 15.Bg5
Bf6 16.Bh6 Bg7 17.Bxg7+ Kxg7 18.Be6 Bxe6 19.Rxe6 Qd7 20.Qe2 Nac6 21.d5 
Nxd5 22.Nxd5 Rf5 23.Rd1 1-0

[Event "11th Africa-ch (w)"]
[Site "Oran ALG"]
[Date "2017.07.04"]
[Round "3"]
[White "Hamza, Amira"]
[Black "Shahenda, Wafa"]
[Result "0-1"]
[WhiteElo "1912"]
[BlackElo "2112"]
[EventDate "2017.07.02"]
[PlyCount "76"]

1.d4 Nf6 2.Nf3 g6 3.Nbd2 Bg7 4.e4 d6 5.Be2 O-O 6.O-O c5 7.c3 cxd4 8.Nxd4 
Nc6 9.f3 Nd7 10.Nxc6 bxc6 11.Nc4 Nb6 12.Be3 Be6 13.Na5 Qc7 14.Bf4 c5 15.
Nb3 Nc4 16.Qc2 a5 17.Bxc4 Bxc4 18.Rfd1 Rfb8 19.Nd2 Be6 20.Nf1 Qb6 21.Rdb1 
c4+ 22.Kh1 a4 23.a3 Ra5 24.Ne3 g5 25.Bxg5 Rxg5 26.Qd2 Rb5 27.f4 Rxb2 28.
Rxb2 Qxb2 29.Qxb2 Rxb2 30.f5 Bd7 31.Nxc4 Rc2 32.Ne3 Rxc3 33.Nd5 Rb3 34.Rc1
e6 35.fxe6 Bxe6 36.Kg1 Bxd5 37.exd5 Bd4+ 38.Kf1 Rxa3 0-1

[Event "11th Africa-ch (w)"]
[Site "Oran ALG"]
[Date "2017.07.04"]
[Round "3"]
[White "Lalaoui, Feriel"]
[Black "February, Jesse Nikki"]
[Result "0-1"]
[WhiteElo "1719"]
[BlackElo "1823"]
[EventDate "2017.07.02"]
[PlyCount "48"]

1.e4 e6 2.d4 d5 3.Nd2 Nf6 4.e5 Nfd7 5.Bd3 c5 6.c3 Nc6 7.Ne2 cxd4 8.cxd4 f6
9.exf6 Nxf6 10.Nf3 Bd6 11.O-O O-O 12.Re1 e5 13.dxe5 Nxe5 14.Nxe5 Bxe5 15.
Ng3 Ng4 16.h3 Bxg3 17.hxg4 Bxf2+ 18.Kf1 Bxe1+ 19.Kxe1 Qh4+ 20.Kd2 Rf2+ 21.
Kc3 d4+ 22.Kxd4 Qf6+ 23.Kc4 Be6+ 24.Kb4 a5+ 0-1

[Event "11th Africa-ch (w)"]
[Site "Oran ALG"]
[Date "2017.07.04"]
[Round "3"]
[White "Mezioud, Amina"]
[Black "Toubal, Hayet"]
[Result "1/2-1/2"]
[WhiteElo "2065"]
[BlackElo "1909"]
[EventDate "2017.07.02"]
[PlyCount "76"]

1.e4 c6 2.Nc3 d5 3.Nf3 Bg4 4.h3 Bxf3 5.Qxf3 dxe4 6.Nxe4 e6 7.Be2 Nd7 8.d4 
Ngf6 9.O-O Nxe4 10.Qxe4 Nf6 11.Qd3 Qc7 12.c3 Rd8 13.Bg5 Be7 14.Qf3 Nd5 15.
Bd2 Nf6 16.Rfd1 O-O 17.Bf4 Bd6 18.Bg5 Be7 19.Bd3 Qa5 20.Bh4 Rd7 21.Bg3 Bd6
22.Bh4 Be7 23.g4 Qd5 24.Qe2 Qa5 25.Re1 Nd5 26.Qe4 g6 27.Bg3 Bf6 28.h4 Bg7 
29.Kg2 Nf6 30.Qf4 Qd5+ 31.Kg1 Rfd8 32.Re5 Qd6 33.Qf3 Qe7 34.Rae1 Rd5 35.
R5e2 c5 36.Bc4 R5d7 37.Bb5 Rd5 38.Bc4 R5d7 1/2-1/2

[Event "11th Africa-ch (w)"]
[Site "Oran ALG"]
[Date "2017.07.04"]
[Round "3"]
[White "Hamlaoui, Asma"]
[Black "Khaled, Mouna"]
[Result "0-1"]
[WhiteElo "1734"]
[BlackElo "2189"]
[EventDate "2017.07.02"]
[PlyCount "152"]

1.e4 e5 2.Nf3 Nc6 3.Bb5 Nge7 4.Nc3 d6 5.d4 Bd7 6.dxe5 dxe5 7.Bc4 Be6 8.
Qxd8+ Rxd8 9.Bxe6 fxe6 10.Be3 Nc8 11.Ng5 Ke7 12.Bc5+ Kf6 13.Bxf8 Rdxf8 14.
Nf3 Rd8 15.Nd2 Nd4 16.O-O-O Ne7 17.Nb3 Nec6 18.Rhe1 Nb4 19.Nxd4 exd4 20.
e5+ Ke7 21.Nb5 c5 22.a3 Nd5 23.Nd6 b6 24.Rd3 Rdf8 25.Rg3 g6 26.Ne4 Rf5 27.
Rg5 Rhf8 28.h4 Nf4 29.g3 Nh3 30.Rxf5 gxf5 31.Nf6 Nxf2 32.Nxh7 Rd8 33.Ng5 
Ng4 34.Kd2 Rh8 35.Kd3 f4 36.gxf4 Rxh4 37.Re2 Ne3 38.Ke4 Nd5 39.Rf2 Rg4 40.
a4 Nxf4 41.Rxf4 Rxg5 42.Rh4 Rg7 43.Rh8 Kd7 44.Ra8 Kc6 45.Rc8+ Kb7 46.Re8 
Rg2 47.Kd3 Rg3+ 48.Kc4 Rg2 49.Kd3 Kc6 50.Rd8 c4+ 51.Kxc4 Rxc2+ 52.Kb3 Re2 
53.Rd6+ Kc5 54.Rxe6 Re3+ 55.Kc2 Kc4 56.Rc6+ Kb4 57.Rd6 Kxa4 58.Rxd4+ Kb5 
59.Rd7 a5 60.Re7 Kc4 61.e6 Re2+ 62.Kc1 Kb3 63.Re8 b5 64.e7 b4 65.Kd1 Re6 
66.Kc1 Re5 67.Ra8 Rxe7 68.Rxa5 Re1+ 69.Kd2 Rb1 70.Rh5 Kxb2 71.Rb5 b3 72.
Rh5 Rg1 73.Rb5 Rg2+ 74.Kd1 Kc3 75.Rc5+ Kd3 76.Kc1 Rc2+ 0-1

[Event "11th Africa-ch (w)"]
[Site "Oran ALG"]
[Date "2017.07.04"]
[Round "3"]
[White "Caxita, Esperanca"]
[Black "Ibbou, Schahinez"]
[Result "1-0"]
[WhiteElo "1876"]
[BlackElo "1445"]
[EventDate "2017.07.02"]
[PlyCount "111"]

1.e4 e5 2.Nc3 Nc6 3.Bc4 Nf6 4.d3 Be7 5.Nf3 d6 6.Be3 O-O 7.Qd2 Na5 8.Bb3 
Nxb3 9.axb3 c5 10.O-O Ne8 11.Nd5 f5 12.Qa5 Qxa5 13.Nxe7+ Kf7 14.Rxa5 Kxe7 
15.b4 f4 16.Bd2 b6 17.Ra3 Nc7 18.Rfa1 Nb5 19.Rb3 Nd4 20.Nxd4 cxd4 21.b5 
Rf7 22.Rba3 Ke6 23.c3 g5 24.f3 h5 25.cxd4 exd4 26.Ra4 Ke5 27.Be1 g4 28.Bf2
gxf3 29.Bxd4+ Ke6 30.gxf3 Rb7 31.Kf2 Bd7 32.Rb4 Rc8 33.Bc3 Rc5 34.d4 Rxb5 
35.d5+ Ke7 36.Rxb5 Bxb5 37.Rg1 Kd8 38.Rg6 Kc7 39.Bd2 Be8 40.Rh6 Kd7 41.
Bxf4 Rc7 42.Rxd6+ Kc8 43.Be5 b5 44.Ke3 Rf7 45.f4 a5 46.Ra6 a4 47.Ra8+ Kd7 
48.Ra7+ Kc8 49.Rxf7 Bxf7 50.Bc3 Kd7 51.Kd4 Kd6 52.e5+ Ke7 53.f5 Be8 54.d6+
Kd8 55.e6 Bc6 56.f6 1-0

[Event "11th Africa-ch (w)"]
[Site "Oran ALG"]
[Date "2017.07.04"]
[Round "3"]
[White "Ghanem, Yasmine"]
[Black "Nassr, Rania"]
[Result "0-1"]
[WhiteElo "1570"]
[BlackElo "1783"]
[EventDate "2017.07.02"]
[PlyCount "84"]

1.e4 c5 2.Nf3 e6 3.d4 cxd4 4.Nxd4 Nf6 5.Nc3 Nc6 6.Ndb5 Bb4 7.Bg5 a6 8.Nd6+
Ke7 9.Bxf6+ gxf6 10.Nc4 b5 11.Ne3 Qa5 12.Qd2 Bb7 13.a3 Bxc3 14.bxc3 Rac8 
15.Rd1 Rhd8 16.Qd6+ Ke8 17.Ng4 Qxc3+ 18.Rd2 h5 19.h3 Ne7 20.e5 hxg4 21.
hxg4 Ng6 22.exf6 Qxf6 23.Qb4 Qc3 24.Rh3 Qxb4 25.axb4 Nf4 26.Rh8+ Ke7 27.
Rxd8 Kxd8 28.g3 Nd5 29.Bg2 Rc4 30.c3 Rxc3 31.Rd4 Rc4 32.Rxc4 bxc4 33.Bf1 
Nb6 34.Kd2 d5 35.f4 Ke7 36.g5 d4 37.Kc2 Be4+ 38.Kc1 d3 39.Kd2 Nd5 40.g4 
c3+ 41.Kc1 Nxb4 42.Kd1 Na2 0-1

[Event "11th Africa-ch (w)"]
[Site "Oran ALG"]
[Date "2017.07.04"]
[Round "3"]
[White "Shroohk, Wafa"]
[Black "Marzouk, Amira"]
[Result "1-0"]
[WhiteElo "2165"]
[BlackElo "1702"]
[EventDate "2017.07.02"]
[PlyCount "29"]

1.e4 c5 2.Nf3 d6 3.Bb5+ Nd7 4.O-O Nf6 5.Re1 a6 6.Bxd7+ Bxd7 7.e5 dxe5 8.
Nxe5 Bf5 9.d3 g6 10.Nc3 Bg7 11.Qf3 Qc8 12.Na4 Qc7 13.Bf4 Nh5 14.Nxg6 Nxf4 
15.Rxe7+ 1-0

[Event "11th Africa-ch (w)"]
[Site "Oran ALG"]
[Date "2017.07.04"]
[Round "3"]
[White "Latreche, Sabrina"]
[Black "Nassr, Lina"]
[Result "1-0"]
[WhiteElo "2056"]
[BlackElo "1751"]
[EventDate "2017.07.02"]
[PlyCount "93"]

1.e4 c5 2.b3 Nc6 3.Bb2 e5 4.Bc4 a6 5.a4 d6 6.Nf3 f5 7.d3 Nge7 8.Nc3 Na5 9.
O-O Nxc4 10.bxc4 g6 11.exf5 Nxf5 12.Nd5 Bg7 13.Qd2 O-O 14.Qg5 Bh6 15.Qxd8 
Rxd8 16.Bc3 Rf8 17.Ba5 Rf7 18.Rfb1 Ne7 19.Nc7 Rb8 20.Bc3 Nc6 21.Ne8 Nd4 
22.Bxd4 exd4 23.Nxd6 Rc7 24.Nxc8 Rcxc8 25.Ne5 Rc7 26.Ra2 Re8 27.Ng4 Bg7 
28.h4 Re2 29.Nh2 Rce7 30.Nf3 Bh6 31.Rab2 Bf4 32.Kf1 Kf8 33.g3 Bd6 34.Rxb7 
Rxc2 35.Rxe7 Kxe7 36.Rb7+ Kd8 37.Rxh7 Ra2 38.Rg7 Rxa4 39.Rxg6 Kc7 40.h5 
Ra1+ 41.Ne1 Rb1 42.h6 Rb8 43.h7 Rh8 44.Rg7+ Kb6 45.f4 a5 46.Nc2 a4 47.Kf2 
1-0

[Event "11th Africa-ch (w)"]
[Site "Oran ALG"]
[Date "2017.07.04"]
[Round "4"]
[White "Shahenda, Wafa"]
[Black "February, Jesse Nikki"]
[Result "1/2-1/2"]
[WhiteElo "2112"]
[BlackElo "1823"]
[EventDate "2017.07.02"]
[PlyCount "107"]

1.e4 e6 2.d4 d5 3.Nc3 Nf6 4.Bg5 dxe4 5.Nxe4 Be7 6.Bxf6 Bxf6 7.Nf3 O-O 8.c3
Nd7 9.Bd3 e5 10.O-O exd4 11.Nxf6+ Nxf6 12.Nxd4 c5 13.Nb5 Qb6 14.Qc2 Be6 
15.c4 a6 16.Nc3 Rad8 17.Rad1 h6 18.Rfe1 Qc7 19.Ne4 Ng4 20.g3 Ne5 21.Be2 f5
22.Rxd8 Rxd8 23.Nd2 Qf7 24.f4 Nc6 25.Nf3 Nd4 26.Nxd4 Rxd4 27.b3 Qd7 28.Rd1
Kf7 29.Bh5+ g6 30.Bf3 g5 31.fxg5 hxg5 32.Bh5+ Kg7 33.Qe2 Rxd1+ 34.Qxd1 
Qd4+ 35.Qxd4+ cxd4 36.Bf3 b6 37.Kf2 Kf6 38.Ke2 Ke5 39.Kd3 a5 40.a3 Bf7 41.
b4 axb4 42.axb4 Bg6 43.c5 bxc5 44.bxc5 g4 45.Bg2 f4+ 46.Kc4 f3 47.Bf1 Bf5 
48.c6 Bc8 49.c7 Ke4 50.Kb3 Kd5 51.Kc2 Bf5+ 52.Bd3 Bc8 53.Bf1 Bf5+ 54.Bd3 
1/2-1/2

[Event "11th Africa-ch (w)"]
[Site "Oran ALG"]
[Date "2017.07.04"]
[Round "4"]
[White "Nassr, Rania"]
[Black "Hamza, Amira"]
[Result "0-1"]
[WhiteElo "1783"]
[BlackElo "1912"]
[EventDate "2017.07.02"]
[PlyCount "88"]

1.d4 Nf6 2.Nf3 d6 3.c4 Nbd7 4.Nc3 e5 5.dxe5 dxe5 6.e4 c6 7.g3 Be7 8.Bg2 
O-O 9.O-O Qc7 10.Qc2 a5 11.Rd1 Nc5 12.h3 Be6 13.Bf1 Rad8 14.Be3 Bc8 15.b3 
Rfe8 16.Kh2 Nfd7 17.Rd2 Ne6 18.Rad1 Ndc5 19.Qb2 Bf6 20.Rxd8 Rxd8 21.Rxd8+ 
Qxd8 22.Bxc5 Nxc5 23.Qd2 Qxd2 24.Nxd2 Ne6 25.Ne2 Be7 26.f4 exf4 27.gxf4 
Nxf4 28.Nxf4 Bd6 29.Kg2 Bxf4 30.Nf3 Kf8 31.Nd4 Be5 32.Nf5 g6 33.Ne3 Ke7 
34.Kf3 Bd7 35.Ke2 h5 36.Kf3 Kf6 37.Nc2 Kg5 38.Ne1 f5 39.Nd3 fxe4+ 40.Kxe4 
Bd6 41.c5 Bg3 42.Ne5 Bf5+ 43.Kd4 Bf2+ 44.Kc3 Bxc5 0-1

[Event "11th Africa-ch (w)"]
[Site "Oran ALG"]
[Date "2017.07.04"]
[Round "4"]
[White "Toubal, Hayet"]
[Black "Caxita, Esperanca"]
[Result "1-0"]
[WhiteElo "1909"]
[BlackElo "1876"]
[EventDate "2017.07.02"]
[PlyCount "65"]

1.d4 Nf6 2.Nf3 d5 3.c4 c6 4.cxd5 cxd5 5.Nc3 Nc6 6.e3 Bf5 7.Qb3 Rb8 8.Bb5 
e6 9.Ne5 Qc7 10.Qa4 Nd7 11.Nxc6 bxc6 12.Bxc6 Bb4 13.O-O Rb6 14.Bb5 Bxc3 
15.bxc3 Qb7 16.Bxd7+ Qxd7 17.Qa3 h5 18.Bd2 Bd3 19.Rfd1 Rh6 20.Be1 Bf5 21.
f3 Rg6 22.Bg3 Rh6 23.h4 Rg6 24.Kh2 Qb7 25.Rd2 Rh6 26.Re1 f6 27.Ree2 Ra6 
28.Qc1 Qc6 29.Rb2 Kd7 30.Rb8 Rb6 31.Rb2 Bd3 32.R2xb6 axb6 33.Qa3 1-0